00911cam a2200289 i 450000100090000000300040000900500170001300800410003001000170007102000180008804000280010604200080013405000240014208200200016610000310018624501110021725000230032826400510035130000300040233600260043233700280045833800270048650000200051365000270053370000300056070000310059019329343OSt20250609155059.0161006s2018 nyua 001 0 eng  a 2016040843 a9789354600524 aDLCbengcDLCerdadDLC apcc00aHF5657.4b.G37 201800a658.1511bGAR/M1 aGarrison, Ray H.,eauthor.10aManagerial accounting /cRay H. Garrison, D.B.A., CPA, Eric W. Noreen, Ph.D., CMA, Peter C. Brewer, Ph.D.. aSixteenth edition. 1aNew York, NY :bMcGraw-Hill Education,c[2018] aXXXII, 784 pages :c29 cm atextbtxt2rdacontent aunmediatedbn2rdamedia avolumebnc2rdacarrier aIncludes index. 0aManagerial accounting.1 aNoreen, Eric W.,eauthor.1 aBrewer, Peter C.,eauthor.